| 000 | 00800nam a2200241Ia 4500 | ||
|---|---|---|---|
| 003 | OSt | ||
| 005 | 20220927105209.0 | ||
| 006 | a|||||r|||| 00| 0 | ||
| 007 | ta | ||
| 008 | 220926b |||||||| |||| 00| 0 eng d | ||
| 024 | _a196434 | ||
| 037 | _cReference Collections | ||
| 040 |
_aRTL _cRTL _beng |
||
| 041 |
_2eng _aeng |
||
| 082 | _a"Y73(Q7).2.N9, N2/th" | ||
| 100 |
_aKOHIR U A _9370844 |
||
| 245 | 0 | _aSpatial aspect of muslim population in india. | |
| 260 | _c1992 | ||
| 300 |
_aVarious pagination bibligraphy at the end _ccm. |
||
| 490 | _a"delhi university of delhi geography (deptt of-) Thesis. Thesis, delhi university of delhi geography (deptt of-)" | ||
| 942 |
_h"Y73(Q7).2.N9, N2/th" _cCC |
||
| 999 |
_c691116 _d691116 |
||